<?xml version="1.0" encoding="UTF-8"?>
<record
    xmlns:xsi="http://www.w3.org/2001/XMLSchema-instance"
    xsi:schemaLocation="http://www.loc.gov/MARC21/slim http://www.loc.gov/standards/marcxml/schema/MARC21slim.xsd"
    xmlns="http://www.loc.gov/MARC21/slim">

  <leader>03070nam a2200385 a 4500</leader>
  <controlfield tag="001">000002617</controlfield>
  <controlfield tag="003">DO-SdBPM</controlfield>
  <controlfield tag="005">20260515120344.0</controlfield>
  <controlfield tag="007">ta</controlfield>
  <controlfield tag="008">090703s1985    dr      r     000 0 spa d</controlfield>
  <datafield tag="040" ind1=" " ind2=" ">
    <subfield code="a">DO-SdBPM</subfield>
    <subfield code="b">spa</subfield>
    <subfield code="c">BPMSU </subfield>
    <subfield code="d">rda</subfield>
  </datafield>
  <datafield tag="082" ind1="0" ind2="4">
    <subfield code="a">322.1097293</subfield>
    <subfield code="b">A385d, 1985</subfield>
    <subfield code="2">22</subfield>
  </datafield>
  <datafield tag="100" ind1="1" ind2=" ">
    <subfield code="a">Alfau Dur&#xE1;n, Vetilio,</subfield>
    <subfield code="d">1909-1985</subfield>
    <subfield code="e">autor </subfield>
    <subfield code="4">aut. </subfield>
  </datafield>
  <datafield tag="245" ind1="1" ind2="3">
    <subfield code="a">El derecho de patronato en la Rep&#xFA;blica Dominicana /</subfield>
    <subfield code="c">Vetilio Alfau Dur&#xE1;n.</subfield>
  </datafield>
  <datafield tag="250" ind1=" " ind2=" ">
    <subfield code="a">2a ed.</subfield>
  </datafield>
  <datafield tag="264" ind1=" " ind2=" ">
    <subfield code="a">Santo Domingo :</subfield>
    <subfield code="b">Editora Taller,</subfield>
    <subfield code="c">1985.</subfield>
  </datafield>
  <datafield tag="300" ind1=" " ind2=" ">
    <subfield code="a">124 p&#xE1;ginas ;</subfield>
    <subfield code="c">22 cm.</subfield>
  </datafield>
  <datafield tag="336" ind1=" " ind2=" ">
    <subfield code="a">texto</subfield>
    <subfield code="b">txt</subfield>
    <subfield code="2">rdacontent</subfield>
  </datafield>
  <datafield tag="337" ind1=" " ind2=" ">
    <subfield code="a">sin mediaci&#xF3;n</subfield>
    <subfield code="b">n</subfield>
    <subfield code="2">rdamedia</subfield>
  </datafield>
  <datafield tag="338" ind1=" " ind2=" ">
    <subfield code="a">volumen</subfield>
    <subfield code="b">nc</subfield>
    <subfield code="2">rdacarrier</subfield>
  </datafield>
  <datafield tag="500" ind1=" " ind2=" ">
    <subfield code="a">"Trabajo presentado como tesis en la Facultad de Derecho de la Universidad de Santo Domingo para optar al doctorado."</subfield>
  </datafield>
  <datafield tag="500" ind1=" " ind2=" ">
    <subfield code="a">Incluye &#xED;ndice de personas y de lugares</subfield>
  </datafield>
  <datafield tag="500" ind1=" " ind2=" ">
    <subfield code="a">A la cabeza de la portada: XIII Feria Nacional del Libro 1985, Vetilio Alfau Dur&#xE1;n</subfield>
  </datafield>
  <datafield tag="504" ind1=" " ind2=" ">
    <subfield code="a">Bibliograf&#xED;a : p&#xE1;ginas  121-124.</subfield>
  </datafield>
  <datafield tag="505" ind1="0" ind2=" ">
    <subfield code="t">Presentaci&#xF3;n /</subfield>
    <subfield code="r">Emilio Rodr&#xED;guez Demorizi</subfield>
    <subfield code="g">Introducci&#xF3;n (El regio patronato indiano en Santo Domingo) --</subfield>
    <subfield code="t">Desaparici&#xF3;n de la Provincia Eclesi&#xE1;stica de Santo Domingo ;</subfield>
    <subfield code="t">Restablecimiento del arzobispado. Segundo per&#xED;odo del regio patronato indiano ;</subfield>
    <subfield code="t">Patronato Indiano ;</subfield>
    <subfield code="t">La rep&#xFA;blica y el derecho de patronato ;</subfield>
    <subfield code="t">El presidente Santana y el arzobispado Portes ;</subfield>
    <subfield code="t">Meri&#xF1;o surge por pimera vez ;</subfield>
    <subfield code="t">Ejercicio del patronato. Presentaci&#xF3;n de Cerezano ;</subfield>
    <subfield code="t">Ejercicio del patronato. Presentaci&#xF3;n de Ros&#xF3;n ;</subfield>
    <subfield code="t">Tercer per&#xED;odo del regio pratronato indiano. El arzobispo Monz&#xF3;n ;</subfield>
    <subfield code="t">El gobierno de la Restauraci&#xF3;n y el patronato ;</subfield>
    <subfield code="t">Establecimiento del vicario apost&#xF3;lico y de la delegaci&#xF3;n ap&#xF3;stolica, Bouggenoms ;</subfield>
    <subfield code="t">Prevenciones rid&#xED;culas contra el santo padre y sus representantes ;</subfield>
    <subfield code="t">Bouggenoms, aceptado por el nuevo gobierno es rechazado por el clero. El cisma de 1868 ;</subfield>
    <subfield code="t">Santache de Aguasanta. Vicario ap&#xF3;stolico de Santo Domingo y delegado apost&#xF3;lico ante los gobiernos de la Rep&#xFA;blica Dominicana, Hait&#xED; y Venezuela ;</subfield>
    <subfield code="t">Roque Cocchia ;</subfield>
    <subfield code="t">El convenio de 1884 ;</subfield>
    <subfield code="t">Ejercicio del patronato, Meri&#xF1;o en el arzobispado ;</subfield>
    <subfield code="t">Ejercicio del patronato, Nouel es nombrado arzobispo ;</subfield>
    <subfield code="t">Coadjutor de Meri&#xF1;o Cum Iure successionis ;</subfield>
    <subfield code="t">El nombramiento de Nouel en el congreso. Una lamentable y contradictoria resoluci&#xF3;n legislativa, el congreso, vuelve sobre sus pasos ;</subfield>
    <subfield code="t">Ciudadanos diputados ;</subfield>
    <subfield code="t">Grave error de los constituyentes de 1908 ;</subfield>
    <subfield code="t">El patronato en el derecho constitucional americano --</subfield>
    <subfield code="g">Conclusiones --</subfield>
    <subfield code="g">Bibliograf&#xED;a --</subfield>
    <subfield code="g">&#xCD;ndice de personas y lugares</subfield>
  </datafield>
  <datafield tag="590" ind1=" " ind2=" ">
    <subfield code="a">Inventariado, 2026/VM</subfield>
  </datafield>
  <datafield tag="650" ind1=" " ind2="7">
    <subfield code="a">Iglesia y Estado en Rep&#xFA;blica Dominicana</subfield>
    <subfield code="y">Siglo XIX</subfield>
  </datafield>
  <datafield tag="650" ind1=" " ind2="7">
    <subfield code="a">Iglesia y Estado en Rep&#xFA;blica Dominicana</subfield>
    <subfield code="y">Historia </subfield>
  </datafield>
  <datafield tag="650" ind1=" " ind2="7">
    <subfield code="a">Patronato eclesi&#xE1;stico</subfield>
  </datafield>
  <datafield tag="651" ind1=" " ind2="7">
    <subfield code="a">Rep&#xFA;blica Dominicana</subfield>
    <subfield code="x">Historia</subfield>
    <subfield code="y">Gobierno colonial  espa&#xF1;ol 1503-1795</subfield>
  </datafield>
  <datafield tag="700" ind1="1" ind2=" ">
    <subfield code="a">Tena Reyes, Jorge,</subfield>
    <subfield code="e">pr&#xF3;logo </subfield>
  </datafield>
  <datafield tag="700" ind1="1" ind2=" ">
    <subfield code="a">Rodr&#xED;guez Demorizi, Emilio,</subfield>
    <subfield code="d">1908-1986</subfield>
  </datafield>
  <datafield tag="910" ind1=" " ind2=" ">
    <subfield code="a">VMateo . Control de calidad. BPMSU </subfield>
  </datafield>
  <datafield tag="942" ind1=" " ind2=" ">
    <subfield code="2">ddc</subfield>
    <subfield code="c">BK</subfield>
  </datafield>
  <datafield tag="952" ind1=" " ind2=" ">
    <subfield code="0">0</subfield>
    <subfield code="1">0</subfield>
    <subfield code="2">ddc</subfield>
    <subfield code="7">0</subfield>
    <subfield code="8">CD</subfield>
    <subfield code="a">BPMET</subfield>
    <subfield code="b">BPMET</subfield>
    <subfield code="d">2026-05-15</subfield>
    <subfield code="l">0</subfield>
    <subfield code="o">BPMSU CD 322.1097293 A385d, 1985</subfield>
    <subfield code="p">BPMSU26050071</subfield>
    <subfield code="r">2026-05-15</subfield>
    <subfield code="w">2026-05-15</subfield>
    <subfield code="y">BK</subfield>
  </datafield>
  <datafield tag="999" ind1=" " ind2=" ">
    <subfield code="c">15846</subfield>
    <subfield code="d">15846</subfield>
  </datafield>
</record>
